AP Top 25-CFB - Statistics

General Stats
  • This quiz has been taken 487 times
  • The average score is 11 of 25
Answer Stats
Hint Answer % Correct
3 Alabama
96%
1 Georgia
94%
5 Ohio State
89%
6 Michigan
81%
7 Oregon
68%
4 Oklahoma
63%
20 Penn State
59%
8 Michigan State
53%
11 Notre Dame
51%
2 Cincinnati
48%
14 Texas A&M
48%
9 Iowa
47%
18 Auburn
44%
15 Oklahoma State
40%
16 Baylor
35%
10 Mississippi
35%
12 Kentucky
34%
25 BYU
29%
22 Iowa State
29%
13 Wake Forest
23%
17 Pittsburgh
20%
19 SMU
17%
24 Coastal Carolina
15%
23 UTSA
13%
21 San Diego State
11%
No matching quizzes found
Score Distribution
Percent of People with Each Score
Percentile by Number Answered
Your Score History
You have not taken this quiz